[Event "BCF-chT4 2223 (4NCL)"]
[Site "England"]
[Date "2023.02.04"]
[Round "5.134"]
[White "Deacon, Nicholas"]
[Black "Tomy, Judith"]
[Result "1-0"]
[WhiteElo "1488"]
[BlackElo "1232"]
[PlyCount "62"]
[EventDate "2022.11.05"]
[EventType "team-swiss"]
[EventRounds "11"]
[EventCountry "ENG"]
[SourceTitle "EXT 2024"]
[Source "ChessBase"]
[SourceDate "2023.10.10"]
[SourceVersion "1"]
[SourceVersionDate "2023.10.10"]
[SourceQuality "1"]
[WhiteTeam "Wessex Some Stars II"]
[BlackTeam "Watford II"]
[WhiteTeamCountry "ENG"]
[BlackTeamCountry "ENG"]

1. d4 d5 2. c4 e6 3. Nc3 Nf6 4. Bg5 c5 5. e3 Be7 6. Nf3 0-0 7. Rc1 b6 8. Bd3 h6 9. Bh4 Nc6 10. 0-0 Bb7 11. Ne2 Rc8 12. Bb1 Re8 13. Qc2 g6 14. Bxf6 Bxf6 15. Nf4 Ne7 16. Nh5 gxh5 17. Qh7+ Kf8 18. Qxh6+ Bg7 19. Qxh5 f6 20. Nh4 Rc7 21. Bg6 Nxg6 22. Nxg6+ Kg8 23. f4 cxd4 24. cxd5 Rxc1 25. Rxc1 Qxd5 26. Qxd5 Bxd5 27. exd4 Rd8 28. Ne7+ Kf8 29. Nc8 f5 30. Nxa7 Bb7 31. a4 Bf6 1-0